Operations management in the travel industry / (Record no. 51742)

MARC details
000 -LEADER
fixed length control field 01156cam a2200325 i 4500
001 - CONTROL NUMBER
control field vtls003271666
003 - CONTROL NUMBER IDENTIFIER
control field MY-SjTCS
005 - DATE AND TIME OF LATEST TRANSACTION
control field 20200306164931.0
008 - FIXED-LENGTH DATA ELEMENTS--GENERAL INFORMATION
fixed length control field 160926t20162016enka b 001 0 eng
020 ## - INTERNATIONAL STANDARD BOOK NUMBER
International Standard Book Number 9781780646107 (hardback)
020 ## - INTERNATIONAL STANDARD BOOK NUMBER
International Standard Book Number 9781780646114 (paperback)
039 #9 - LEVEL OF BIBLIOGRAPHIC CONTROL AND CODING DETAIL [OBSOLETE]
Level of rules in bibliographic description 201809071421
Level of effort used to assign nonsubject heading access points VLOAD
Level of effort used to assign subject headings 201612021911
Level of effort used to assign classification shuhada
Level of effort used to assign subject headings 201612021909
Level of effort used to assign classification shuhada
Level of effort used to assign subject headings 201611301545
Level of effort used to assign classification malathy
-- 201609261552
-- malathy
040 ## - CATALOGING SOURCE
Description conventions rda
082 04 - DEWEY DECIMAL CLASSIFICATION NUMBER
Classification number 910.68
Item number OPE 2016
245 00 - TITLE STATEMENT
Title Operations management in the travel industry /
Statement of responsibility, etc. edited by Peter Robinson, Paul Fallon, Harry Cameron and John Crotts.
250 ## - EDITION STATEMENT
Edition statement 2nd edition.
264 #1 - PRODUCTION, PUBLICATION, DISTRIBUTION, MANUFACTURE, AND COPYRIGHT NOTICE
Place of production, publication, distribution, manufacture Oxfordshire ;
-- Boston, MA :
Name of producer, publisher, distributor, manufacturer CABI,
Date of production, publication, distribution, manufacture, or copyright notice [2016]
264 #4 - PRODUCTION, PUBLICATION, DISTRIBUTION, MANUFACTURE, AND COPYRIGHT NOTICE
Date of production, publication, distribution, manufacture, or copyright notice ©2016
300 ## - PHYSICAL DESCRIPTION
Extent xxxiii, 342 pages :
Other physical details illustrations ;
Dimensions 25 cm
336 ## - CONTENT TYPE
Content type term text
Source rdacontent
337 ## - MEDIA TYPE
Media type term unmediated
Source rdamedia
338 ## - CARRIER TYPE
Carrier type term volume
Source rdacarrier
504 ## - BIBLIOGRAPHY, ETC. NOTE
Bibliography, etc. note Includes bibliographical references and index.
650 #0 - SUBJECT ADDED ENTRY--TOPICAL TERM
Topical term or geographic name entry element Tourism
General subdivision Management.
9 (RLIN) 11619
700 1# - ADDED ENTRY--PERSONAL NAME
Personal name Robinson, Peter,
Dates associated with a name 1979-
9 (RLIN) 46143
700 1# - ADDED ENTRY--PERSONAL NAME
Personal name Fallon, Paul.
9 (RLIN) 256684
700 1# - ADDED ENTRY--PERSONAL NAME
Personal name Cameron, Harry.
9 (RLIN) 76260
700 1# - ADDED ENTRY--PERSONAL NAME
Personal name Crotts, John.
9 (RLIN) 256685
920 ## - Programme
Programme SHT : 226225
Holdings
Withdrawn status Lost status Source of classification or shelving scheme Damaged status Not for loan Home library Current library Date acquired Total Checkouts Barcode Date last seen Date last checked out Uniform Resource Identifier Koha item type Public note
Withdrawn   Dewey Decimal Classification     Taylor's Library-TU Taylor's Library-TU 27/10/2016 1 5000167799 05/12/2019 03/05/2017 Floor 4, Shelf 36 , Side 1, TierNo 4, BayNo 6 Main Collection SHTEx,70005,03,RM | SHTEx,30010,03,RM
    Dewey Decimal Classification     Taylor's Library-TU Taylor's Library-TU 15/11/2016   5000166874 05/12/2019   Floor 4, Shelf 36 , Side 1, TierNo 4, BayNo 6 Main Collection SHTEx,30010,03,RM